000 00734nam a2200205Ia 4500
005 20241129110112.0
008 241129s9999||||xx |||||||||||||| ||und||
037 _aTB
040 _aARTS
_bpun
_cARTS
041 _apun
_2pun
084 _aQ8441wK21 153R3
_qARTS
100 _aਸਿੰਘ, ਕਮਲ ਜੀਤ, ਥਦ।
_9160655
245 0 _aਧਰਮ ਹੇਤਿ ਸਾਕਾ ਜਿ ਨਿ ਕੀਆ
_cਸਿੰਘ, ਕਮਲ ਜੀਤ, ਥਦ।
260 _aਦਿੱਲੀ, ਭਾਰਤ
_bਦਿੱਲੀ ਮਨਪ੍ਰੀਤ ਪ੍ਰਕਾਸ਼ਨ
_c2021
300 _a111ਪ੍ਰ0
365 _aINR
_b440
650 _aSikkhism
_9726471
942 _cTB
_hQ8441wK21 153R3
999 _c1227314
_d1227314